De l’écrit à l’écran. Littérature populaire : mutations génériques, mutations médiatiques. Sous la direction de JACQUES MIGOZZI. Presses universitaires de Limoges, 2000. Un vol. de 870 p. (notice n° 1654055)
[ vue normale ]
| 000 -LEADER | |
|---|---|
| fixed length control field | 00674cam a2200145 4500500 |
| 005 - DATE AND TIME OF LATEST TRANSACTION | |
| control field | 20260208005833.0 |
| 041 ## - LANGUAGE CODE | |
| Language code of text/sound track or separate title | fre |
| 042 ## - AUTHENTICATION CODE | |
| Authentication code | dc |
| 100 10 - MAIN ENTRY--PERSONAL NAME | |
| Personal name | Thiesse, Anne-Marie |
| Relator term | author |
| 245 00 - TITLE STATEMENT | |
| Title | De l’écrit à l’écran. Littérature populaire : mutations génériques, mutations médiatiques. Sous la direction de JACQUES MIGOZZI. Presses universitaires de Limoges, 2000. Un vol. de 870 p. |
| 260 ## - PUBLICATION, DISTRIBUTION, ETC. | |
| Date of publication, distribution, etc. | 2005.<br/> |
| 500 ## - GENERAL NOTE | |
| General note | 95 |
| 786 0# - DATA SOURCE ENTRY | |
| Note | Revue d'histoire littéraire de la France | 105 | 4 | 2005-10-01 | p. 1031s-1076s | 0035-2411 |
| 856 41 - ELECTRONIC LOCATION AND ACCESS | |
| Uniform Resource Identifier | <a href="https://shs.cairn.info/revue-d-histoire-litteraire-de-la-france-2005-4-page-1031s?lang=fr&redirect-ssocas=7080">https://shs.cairn.info/revue-d-histoire-litteraire-de-la-france-2005-4-page-1031s?lang=fr&redirect-ssocas=7080</a> |
Pas d'exemplaire disponible.




Réseaux sociaux